[Event "Suwalki op-B"]
[Site "Suwalki"]
[Date "2000.??.??"]
[Round "?"]
[White "Kit, Pavel"]
[Black "Gavrilenko, Aleksander"]
[Result "0-1"]
[WhiteElo "2200"]
[BlackElo "2215"]
[PlyCount "40"]
[EventDate "2000.08.??"]
[EventType "swiss"]
[EventRounds "10"]
[EventCountry "POL"]
[SourceTitle "EXT 2003"]
[Source "ChessBase"]
[SourceDate "2002.11.25"]
[SourceVersion "1"]
[SourceVersionDate "2002.11.25"]
[SourceQuality "1"]

1. d4 d5 2. c4 Nc6 3. Nf3 e5 4. Nxe5 Nxe5 5. dxe5 d4 6. e4 Ne7 7. Bd3 Ng6 8. 0-0 Nxe5 9. f4 Nxd3 10. Qxd3 c5 11. Nd2 Be7 12. f5 f6 13. Qg3 0-0 14. Rf3 Re8 15. e5 Qc7 16. Qh4 Qxe5 17. Nf1 Bxf5 18. Bf4 Qe6 19. Re1 Qf7 20. Ng3 Bg6 0-1

[Event "Plzen op-B U18"]
[Site "Plzen"]
[Date "1998.??.??"]
[Round "8"]
[White "Kafka, Ladislav"]
[Black "Kit, Pavel"]
[Result "0-1"]
[WhiteElo "1775"]
[BlackElo "1950"]
[PlyCount "74"]
[EventDate "1998.08.??"]
[EventType "swiss"]
[EventRounds "9"]
[EventCountry "CZE"]
[SourceTitle "EXT 2000"]
[Source "ChessBase"]
[SourceDate "1999.11.16"]
[SourceVersion "1"]
[SourceVersionDate "1999.11.16"]
[SourceQuality "1"]

1. e4 c5 2. Nf3 e6 3. d3 d5 4. Nbd2 Nc6 5. g3 Nf6 6. Bg2 Be7 7. 0-0 0-0 8. Re1 b6 9. e5 Nd7 10. Nf1 Qc7 11. Bf4 Ba6 12. h4 Rac8 13. N1h2 b5 14. Ng4 Qb6 15. Bg5 Bb7 16. Nfh2 c4 17. Bxe7 Nxe7 18. c3 cxd3 19. Qxd3 b4 20. cxb4 Qxb4 21. a3 Qb6 22. h5 Nf5 23. b4 Ba6 24. Qf3 Nd4 25. Qe3 Nc2 26. Qg5 Qd8 27. Nf6+ Nxf6 28. exf6 Qxf6 29. Qxf6 gxf6 30. Ng4 Nxa1 31. Rxa1 Kg7 32. h6+ Kg6 33. f4 Be2 34. Ne3 Kxh6 35. Kf2 Bd3 36. Rh1+ Kg7 37. f5 d4 0-1

[Event "Plzen op-B U18"]
[Site "Plzen"]
[Date "1998.??.??"]
[Round "7"]
[White "Petek, Pavel"]
[Black "Kit, Pavel"]
[Result "0-1"]
[WhiteElo "1895"]
[BlackElo "1950"]
[PlyCount "56"]
[EventDate "1998.08.??"]
[EventType "swiss"]
[EventRounds "9"]
[EventCountry "CZE"]
[SourceTitle "EXT 2000"]
[Source "ChessBase"]
[SourceDate "1999.11.16"]
[SourceVersion "1"]
[SourceVersionDate "1999.11.16"]
[SourceQuality "1"]

1. c4 e6 2. e4 c5 3. Nc3 d6 4. Nf3 Nf6 5. d4 cxd4 6. Nxd4 Be7 7. Be2 a6 8. Be3 0-0 9. Qd2 Qc7 10. 0-0 b6 11. a3 Bb7 12. f3 Nbd7 13. b4 Rac8 14. Rac1 Qb8 15. Nb3 Bd8 16. Rfd1 Bc7 17. Bf4 Ne5 18. Bg5 Kh8 19. Bxf6 gxf6 20. f4 Nd7 21. Rf1 Rg8 22. Bh5 Rg7 23. Rf2 Rcg8 24. Rc2 f5 25. Qd3 Bd8 26. Bf3 Bh4 27. Rfd2 d5 28. cxd5 Qxf4 0-1

[Event "POL-chT2"]
[Site "Augustow"]
[Date "1997.??.??"]
[Round "?"]
[White "Kondrusik, J."]
[Black "Kit, Pavel"]
[Result "0-1"]
[WhiteElo "1800"]
[BlackElo "2000"]
[PlyCount "66"]
[EventDate "1997.??.??"]
[EventType "team"]
[EventRounds "9"]
[EventCountry "POL"]
[SourceTitle "EXT 2003"]
[Source "ChessBase"]
[SourceDate "2002.11.25"]
[SourceVersion "1"]
[SourceVersionDate "2002.11.25"]
[SourceQuality "1"]

1. e4 c5 2. Nf3 e6 3. d4 cxd4 4. Nxd4 a6 5. Nc3 Qc7 6. Be3 Nf6 7. f3 Nc6 8. Be2 Be7 9. 0-0 0-0 10. a4 b6 11. Kh1 Bb7 12. Nb3 Na5 13. Nxa5 bxa5 14. Rb1 d5 15. exd5 Nxd5 16. Nxd5 Bxd5 17. Bd3 Bc4 18. Bxc4 Qxc4 19. c3 Rab8 20. Qd4 Rfc8 21. Rfd1 Qb3 22. Qd7 Rd8 23. Qxe7 Rxd1+ 24. Rxd1 Qxd1+ 25. Bg1 Qxa4 26. Qd6 Qe8 27. Qxa6 a4 28. c4 Rxb2 29. c5 Rb8 30. c6 Ra8 31. Qc4 a3 32. Bd4 a2 33. Ba1 Qb8 0-1

[Event "POL-chT2"]
[Site "Augustow"]
[Date "1997.??.??"]
[Round "?"]
[White "Mazek, Marek"]
[Black "Kit, Pavel"]
[Result "1-0"]
[WhiteElo "1800"]
[BlackElo "2000"]
[PlyCount "77"]
[EventDate "1997.??.??"]
[EventType "team"]
[EventRounds "9"]
[EventCountry "POL"]
[SourceTitle "EXT 2003"]
[Source "ChessBase"]
[SourceDate "2002.11.25"]
[SourceVersion "1"]
[SourceVersionDate "2002.11.25"]
[SourceQuality "1"]

1. d4 Nf6 2. Nf3 e6 3. c4 b6 4. a3 Bb7 5. Nc3 d5 6. cxd5 exd5 7. Bg5 Be7 8. e3 0-0 9. Bd3 Nbd7 10. Rc1 c6 11. 0-0 Re8 12. Re1 Rc8 13. Qa4 Ra8 14. Bb1 Qb8 15. Bf5 g6 16. Bh3 Nf8 17. Ne5 c5 18. b4 Ne6 19. Bxf6 Bxf6 20. Nd7 Qd8 21. bxc5 bxc5 22. Nxc5 Nxc5 23. dxc5 Qc7 24. Bd7 Rad8 25. c6 Bxc3 26. Qb3 d4 27. exd4 Qxc6 28. Rxe8+ Rxe8 29. Bxe8 Qxe8 30. Qxc3 h5 31. Qe3 Qd7 32. Qe5 Bd5 33. h3 Qb7 34. Rc7 Qa8 35. Rd7 Be6 36. Rd6 Qc8 37. Qf6 Qc1+ 38. Kh2 Qc7 39. Qd8+ 1-0